000 00579nam a22002417a 4500
003 UA-OsUOA
001 27081
007 ta
008 20040615b un ||||| |||| 00| 0 ukr d
100 _aЛобач-Жученко Б.Б.
090 _a82.09
_bЛ68
942 _cBK
040 _aUA-OsUOA
_bukr
_cUA-OsUOA
_dUA-OsUOA
245 _aПро Марка Вовчка
_cПер. О.Василенко
300 _a310 с.
955 _a0
041 _aukr
080 _a82.09
260 _aКиїв
_bДніпро
_c1979
044 _aUA
650 7 _2UDC
999 _c313422
_d313422